书目信息 |
| 题名: |
超市员工培训一本通
|
|
| 作者: | ;员工职业化训练专家组 编写 | |
| 分册: | ||
| 出版信息: | 北京 中国经济出版社 2007.01 |
|
| 页数: | 12, 401页 | |
| 开本: | 23cm | |
| 丛书名: | ||
| 单 册: | ||
| 中图分类: | F717.6 | |
| 科图分类: | ||
| 主题词: | 超市--chao shi--商业服务--技术教育--教材 | |
| 电子资源: | ||
| ISBN: | 978-7-5017-7470-8 | |
| 000 | 00929nam0 2200241 450 | |
| 001 | 012008582136 | |
| 005 | 20080617152932.40 | |
| 010 | @a978-7-5017-7470-8@dCNY49.00 | |
| 100 | @a20080617d2007 em y0chiy0120 ea | |
| 101 | 0 | @achi |
| 102 | @aCN@b110000 | |
| 105 | @ak z 000yy | |
| 106 | @ar | |
| 200 | 1 | @a超市员工培训一本通@Achao shi yuan gong pei xun yi ben tong@f员工职业化训练专家组编写@Fyuan gong zhi ye hua xun lian zhuan jia zu bian xie |
| 210 | @a北京@c中国经济出版社@d2007.01 | |
| 215 | @a12, 401页@d23cm | |
| 300 | @a大卖场、综超、标超、社区超市员工岗位系统培训全书 | |
| 330 | @a本书内容包括:超市手银培训,超市理货培训,超市采购培训,超市收货培训,超市防损培训,超市配送培训等。 | |
| 606 | 0 | @a超市@Achao shi@x商业服务@x技术教育@j教材 |
| 690 | @aF717.6@v4 | |
| 711 | 02 | @a员工职业化训练专家组@Ayuan gong zhi ye hua xun lian zhuan jia zu@4编写 |
| 801 | 0 | @aCN@bQSSK@c20080617 |
| 905 | @b727940-42@dF717.6@eY875@f3 | |
| 超市员工培训一本通/员工职业化训练专家组编写.-北京:中国经济出版社,2007.01 |
| 12, 401页;23cm |
| 大卖场、综超、标超、社区超市员工岗位系统培训全书 |
| ISBN 978-7-5017-7470-8:CNY49.00 |
| 本书内容包括:超市手银培训,超市理货培训,超市采购培训,超市收货培训,超市防损培训,超市配送培训等。 |
| ● |
| 相关链接 |
|
|
|
正题名:超市员工培训一本通
索取号:F717.6/Y875
 
预约/预借
| 序号 | 登录号 | 条形码 | 馆藏地/架位号 | 状态 | 备注 |
| 1 | 727940 | 207279407 | 社科库409/409社科库 46排1列2层/ [索取号:F717.6/Y875] | 在馆 | |
| 2 | 727941 | 207279416 | 社科库409/409社科库 46排1列2层/ [索取号:F717.6/Y875] | 在馆 | |
| 3 | 727942 | 207279425 | 社科库409/422社科库 27排3列5层/ [索取号:F717.6/Y875] | 在馆 |